Statistiques concernant Pokémon uniquement mâles et Pokémon uniquement femelles

Cliquez ici pour prendre le quiz!

Statistiques générales

  • Ce quiz a été pris 86 fois
  • Le résultat moyen est 24 sur 54

Statistiques - réponses

Réponse% Correct
Nidoking
86%
Nidoqueen
86%
Nidoran (♂)
84%
Nidoran (♀)
84%
Nidorina
81%
Nidorino
79%
Gallame
72%
Apireine
69%
Malamandre
69%
Momartik
66%
Latias
64%
Latios
64%
Cresselia
57%
Écrémeuh
53%
Papilord
53%
Tauros
53%
Leuphorie
50%
Leveinard
50%
Cheniselle
48%
Lippouti
48%
Lippoutou
48%
Ptiravi
47%
Boréas
41%
Démétéros
41%
Fulguris
41%
Debugant
38%
Flabébé
38%
Tygnon
38%
Floette
36%
Florges
36%
Kapoera
36%
Kicklee
36%
Kangourex
34%
Lumivole
34%
Muciole
33%
Fragilady
31%
Chlorobule
29%
Judokrak
29%
Karaclée
29%
Sorcilence
29%
Angoliath
26%
Candine
26%
Croquine
26%
Furaiglon
26%
Grimalin
26%
Gueriaigle
26%
Sucreine
26%
Vaututrice
26%
Vostourno
26%
Fourbelin
24%
Bibichut
22%
Chapotus
22%
Charmilly
21%
Crèmy
19%

Distribution des résultats

Percentile par nombre de réponses

% des personnes avec chaque résultat

Votre développement - résultats

Vous n’avez pas pris ce quiz